004570000a22001330004500090001700000245009500017041001400112700003800126700003300164100003400197942001300231773006200244999001700306 aAsbSeriadas10aDiversidad de dietas de aves insectívoras en la selva lluviosa del pacífico colombiano0 aEspañol1 aChacón de Ulloa, Patricia914691 aNaranjo, Luis Germán943681 aRocha, Raúl Leonardo916310 cARTICULO1 tRevista Colombiana de Entomologíah3q113-122d1996g22 c15870d15870